Copper 2013: International Copper Conference

Saved in:
Bibliografiske detaljer
Format: Bog
Sprog:engelsk
Udgivet: Santiago The Chilean Institute of Mining Engineers 2014
Udgivelse:1a. ed
Fag:
Tags: Tilføj Tag
Ingen Tags, Vær først til at tagge denne postø!

MARC

LEADER 00000cam a2200000 a 4500
001 UCE5975
003 CL-VaPUC
005 20211019074358.0
008 150319e20140000cl 1 eng d
020 |a 9789567180066 
082 0 4 |a 669.3  |b COP  |2 21 
245 1 0 |a Copper 2013: International Copper Conference 
250 |a 1a. ed 
260 |a Santiago  |b The Chilean Institute of Mining Engineers  |c 2014 
300 |a v 
500 |a v.1: plenary lectures. Economics and markets. Sustainable development, environment, health and safety 
500 |a v.2: mineral processing. Process control and optimization 
500 |a v.3 p.1-p.2: Nickolas Themelis Symposium on pyrometallurgy and process engineering 
500 |a v.4 p.1-p.2: hydrometallurgy 
500 |a v.5 p.1: electrowinning 
500 |a v.5 p.2: electrorefining 
500 |a v.6: downstream fabrication and applications. Recycling and waste management 
500 |a v.7: geometallurgical challenges in mining projects 
583 |a last modification  |c 20190909 10:37:20  |k Rodrigo Vera 
650 0 0 |a Industria minera  |9 260256 
650 0 0 |a Cobre  |9 255767 
650 0 7 |a EXPLOTACION MINERA  |2 CL-VaPUC  |9 394341 
650 0 0 |a Desarrollo sustentable  |9 333905 
650 0 7 |a CONSERVACION DE RECURSOS NATURALES  |2 CL-VaPUC  |9 358846 
650 0 0 |a Hidrometalurgia  |9 352265 
942 |c BK 
945 |a dcastane  |d 20150319 12:57:00 
546 |a En Inglés 
536 |a The Chilean Institute of Mining Engineers 
518 |p Copper 2013: International Copper Conference, 1, Santiago de Chile, 1-4 diciembre de 2013 
999 |c 384795  |d 384793 
952 |0 0  |1 0  |3 erb  |4 0  |6 669_300000000000000_COP_2014  |7 0  |8 A  |9 507764  |a BIBING  |b BIBING  |h v.1  |i 5140765  |o 669.3 COP 2014  |p 5140765  |r 2025-01-20  |w 2020-01-23  |y BK  |z Catalogado en:20150319  |k EIQ 
952 |0 0  |1 0  |3 erb  |4 0  |6 669_300000000000000_COP_2014  |7 0  |8 A  |9 507765  |a BIBING  |b BIBING  |h v.2  |i 5140773  |o 669.3 COP 2014  |p 5140773  |r 2025-01-20  |w 2020-01-23  |y BK  |z Catalogado en:20150319  |k EIQ 
952 |0 0  |1 0  |3 erb  |4 0  |6 669_300000000000000_COP_2014  |7 0  |8 A  |9 507766  |a BIBING  |b BIBING  |h v.3 p.1  |i 5140781  |o 669.3 COP 2014  |p 5140781  |r 2025-01-20  |w 2020-01-23  |y BK  |z Catalogado en:20150319  |k EIQ 
952 |0 0  |1 0  |3 erb  |4 0  |6 669_300000000000000_COP_2014  |7 0  |8 A  |9 507767  |a BIBING  |b BIBING  |h v.3 p.2  |i 514079K  |o 669.3 COP 2014  |p 514079K  |r 2025-01-20  |w 2020-01-23  |y BK  |z Catalogado en:20150319  |k EIQ 
952 |0 0  |1 0  |3 erb  |4 0  |6 669_300000000000000_COP_2014  |7 0  |8 A  |9 507768  |a BIBING  |b BIBING  |h v.4 p.1  |i 5140803  |o 669.3 COP 2014  |p 5140803  |r 2025-01-20  |w 2020-01-23  |y BK  |z Catalogado en:20150319  |k EIQ 
952 |0 0  |1 0  |3 erb  |4 0  |6 669_300000000000000_COP_2014  |7 0  |8 A  |9 507769  |a BIBING  |b BIBING  |h v.4 p.2  |i 5140811  |o 669.3 COP 2014  |p 5140811  |r 2025-01-20  |w 2020-01-23  |y BK  |z Catalogado en:20150319  |k EIQ 
952 |0 0  |1 0  |3 erb  |4 0  |6 669_300000000000000_COP_2014  |7 0  |8 A  |9 507770  |a BIBING  |b BIBING  |h v.5 p.1  |i 514082K  |o 669.3 COP 2014  |p 514082K  |r 2025-01-20  |w 2020-01-23  |y BK  |z Catalogado en:20150319  |k EIQ 
952 |0 0  |1 0  |3 erb  |4 0  |6 669_300000000000000_COP_2014  |7 0  |8 A  |9 507771  |a BIBING  |b BIBING  |h v.5 p.2  |i 5140838  |o 669.3 COP 2014  |p 5140838  |r 2025-01-20  |w 2020-01-23  |y BK  |z Catalogado en:20150319  |k EIQ 
952 |0 0  |1 0  |3 erb  |4 0  |6 669_300000000000000_COP_2014  |7 0  |8 A  |9 507772  |a BIBING  |b BIBING  |h v.6  |i 5140846  |o 669.3 COP 2014  |p 5140846  |r 2025-01-20  |w 2020-01-23  |y BK  |z Catalogado en:20150319  |k EIQ 
952 |0 0  |1 0  |3 erb  |4 0  |6 669_300000000000000_COP_2014  |7 0  |8 A  |9 507773  |a BIBING  |b BIBING  |h v.7  |i 5140854  |o 669.3 COP 2014  |p 5140854  |r 2025-01-20  |w 2020-01-23  |y BK  |z Catalogado en:20150319  |k EIQ